000 00287nam a2200121Ia 4500
008 190216s9999||||xx |||||||||||||| ||und||
100 _aAshok Sharma Kapil
245 0 _aHindi-Ganesh Ki Bal-Leelayem
260 _bSamskar Sahithya
_c2010
300 _a96
650 _aHindi
942 _cBK
999 _c16765
_d16765